LotR: Oliphaunt Poem - Statistics

General Stats
  • This quiz has been taken 23 times
  • The average score is 14 of 22
Answer Stats
Answer % Correct
I make the {earth} shake
100%
Biggest of {all}
83%
Flapping big {ears}
83%
As I tramp through the {grass}
75%
Beyond count of {years}
75%
Big as a {house}
75%
But old {Oliphaunt} am I
75%
Grey as a {mouse}
75%
I walk in the {South}
75%
{Oliphaunt} am I
75%
And I {never} lie
67%
If you {never} do
67%
{Nose} like a snake
67%
You won't think I'm {true}
67%
Never {lie} on the ground
58%
Not even to {die}
58%
With {horns} in my mouth
58%
You wouldnt {forget} me
50%
Trees {crack} as I pass
42%
Huge, {old}, and tall
33%
If ever you'd {met} me
33%
I {stump} round and round
33%
No matching quizzes found
Score Distribution
Percent of People with Each Score
Percentile by Number Answered
Your Score History
You have not taken this quiz